000 00331nam a2200145 a 4500
008 990812s1970||||xx 0 und c
040 _aSNK
_bslo
_cSNK
_eAACR2
100 1 _aMelville, Herman
245 1 0 _aBilly Budd
260 _aBratislava
_bTatran
_c1970
300 _a329 s.
020 _c21
041 _aslo
044 _axo
_cSK
999 _c12237
_d12237